Keegan-Michael Key Filmography - Statistics

General Stats
  • This quiz has been taken 74 times
    17 since last reset
  • The average score is 39 of 156
Answer Stats
Type Year Name % Correct
TV Show 2012-2015 Key & Peele
86%
Film 2016 Keanu
57%
TV Show 2004-2009 MADtv
57%
Film 2023 Wonka
57%
Film 2006 Alleyball
43%
Film 2000 Garage: A Rock Saga
43%
Film 2017 Get Out
43%
Film 1997 Get the Hell Out of Hamtown
43%
Film 2020 Jingle Jangle: A Christmas Journey
43%
Film 2014 Let's Be Cops
43%
Film 2023 Migration
43%
Film 2004 Mr. 3000
43%
Film 2008 Role Models
43%
TV Show 2021 Saturday Night Live
43%
Web Series 2021-2023 Schmigadoon!
43%
TV Show 2017 The Simpsons
43%
Film 2017 The Star
43%
Film 2019 Toy Story 4
43%
Film 2003 Uncle Nino
43%
Music Video 2006 White & Nerdy
43%
TV Show 2013-2023 Whose Line Is It Anyway?
43%
TV Special 2015 2015 White House Correspondents' Dinner
29%
TV Show 2024 Abbott Elementary
29%
Film 2013 Afternoon Delight
29%
Film 2020 All the Bright Places
29%
TV Show 2016, 2019 American Dad!
29%
TV Show 2016 Angie Tribeca
29%
TV Show 2016-2017 Archer
29%
TV Show 2014-2017 Bob's Burgers
29%
Web Series 2014-2015 BoJack Horseman
29%
TV Show 2020 Brain Games
29%
Film 2011 Bucky Larson: Born to Be a Star
29%
TV Show 2010, 2013, 2015 Childrens Hospital
29%
Film 2022 Chip 'n' Dale: Rescue Rangers
29%
TV Show 2008 Chocolate News
29%
Film 2024 Dear Santa
29%
TV Show 2017 Detroiters
29%
Film 2019 Dolemite Is My Name
29%
Film 2016 Don't Think Twice
29%
Film 2010 Due Date
29%
TV Show 2024 Elsbeth
29%
TV Show 2001 ER
29%
TV Show 2014 Fargo
29%
TV Film 2007 Frangela
29%
Film 2015 Freaks of Nature
29%
Web Series 2017-2019 Friends from College
29%
TV Show 2020 Game On!
29%
TV Show 2009-2010 Gary Unmarried
29%
Web Series 2019-2022 Green Eggs and Ham
29%
Short Film 2006 Grounds Zero
29%
Theater 2017 Hamlet
29%
Film 2013 Hell Baby
29%
TV Show 2014 Hell's Kitchen
29%
Web Mini-Series 2020 Home Movie: The Princess Bride
29%
Film 2014 Horrible Bosses 2
29%
Film 2015 Hotel Transylvania 2
29%
Video Game 2018 Hotel Transylvania 3: Monsters Overboard
29%
Film 2018 Hotel Transylvania 3: Summer Vacation
29%
Film 2022 Hotel Transylvania 4: Transformania
29%
TV Show 2016 House of Lies
29%
TV Show 2013 How I Met Your Mother
29%
Film 2024 IF
29%
Web Series 2018 Impulse
29%
TV Show 2004 I'm with Her
29%
TV Show 2015 It's Always Sunny in Philadelphia
29%
Film 2011 Just Go with It
29%
Short Film 2008 Land of Arabia
29%
TV Show 2016, 2018 Last Week Tonight with John Oliver
29%
TV Show 2011 Love Bites
29%
TV Show 2016 Mack & Moxy
29%
Theater 2017-2018 Meteor Shower
29%
TV Show 2016 Modern Family
29%
Web Series 2019 No Activity
29%
TV Show 2014-2015 Parks and Recreation
29%
Film 2022 Pinocchio
29%
Film TBA Play Dirty
29%
TV Show 2014-2017 Playing House
29%
Film 2019 Playing with Fire
29%
Web Series 2022 Reboot
29%
TV Show 2008-2009 Reno 911!
29%
TV Show 2015, 2019 Rick and Morty
29%
TV Show 2014, 2016 Robot Chicken
29%
TV Show 2017 Samurai Jack
29%
TV Show 2017 Son of Zorn
29%
TV Show 2010 Sons of Tucson
29%
Film 2016 Storks
29%
Short Film 2007 Sucker for Shelley
29%
TV Show 2013 Super Fun Night
29%
Web Series 2015-2018 SuperMansion
29%
Film 2014 Teacher of the Year
29%
Film 2016 The Angry Birds Movie
29%
Film 2022 The Bubble
29%
Web Series 2019 The Dark Crystal: Age of Resistance
29%
Film 2017 The Disaster Artist
29%
Podcast 2021 The History of Sketch Comedy
29%
TV Show 2015 The Hotwives
29%
TV Show 2011 The League
29%
Film 2014 The Lego Movie
29%
Film 2019 The Lion King
29%
TV Show 2014 The Middle
29%
TV Show 2016 The Muppets.
29%
Web Mini-Series 2022 The Pentaverate
29%
TV Show 2008-2015 The Planet's Funniest Animals
29%
Film 2018 The Predator
29%
Film 2020 The Prom
29%
Film 2023 The Super Mario Bros. Movie
29%
Film 2015 Tomorrowland
29%
Film 2024 Transformers One
29%
TV Show 2015 TripTank
29%
Film 2015 Vacation
29%
TV Show 2019 Veep
29%
Film 2012 Wanderlust
29%
TV Show 2015 W/ Bob & David
29%
Film 2015 Welcome to Happiness
29%
Short Film 2010 Welcome to the Jungle Gym
29%
Film 2022 Wendell & Wild
29%
Film 2016 Why Him?
29%
TV Show 2011 Wilfred
29%
Film 2017 Win It All
29%
Short Film 2008 Yoga Matt
29%
TV Show 2011 A Series of Unfortunate People
14%
TV Show TBA August Snow
14%
TV Show 2013 Epic Rap Battles of History
14%
Film 1991 Lunatics: A Love Story
14%
Web Series 2025 Only Murders in the Building
14%
Web Series 2021 Pixar Popcorn
14%
Award Show 2022 11th Annual NFL Honors
0%
Award Show 2017 6th Annual NFL Honors
0%
Commercial 2023 AT&T
0%
TV Show 2016 Bad Guys
0%
Commercial 2016 Booking.com
0%
Web Series 2021 Carpool Karaoke
0%
Web Series 2011 CollegeHumor Originals
0%
TV Show 2018 Conan
0%
Theater 2003 Curious George Goes to War
0%
Commercial 2018 ESPN+
0%
TV Show 2015 Everyone's Crazy But Us
0%
TV Show 2008 Gaytown
0%
Theater 2002 Holy War, Batman! or The Yellow Cab of Courage
0%
TV Show 2024 I'm a LA, Get Me Out of Here!
0%
TV Show 2015 Ithamar Has Nothing to Say
0%
TV Show 2017 Jeff & Some Aliens
0%
TV Show 2012 Just for Laughs: All-Access
0%
Commercial 2025 Lay's
0%
Theater 2003 Pants on Fire
0%
Web Series 2022 Peyton's Places
0%
TV Short 2016 Pigeon Toady's Guide to Your New Baby
0%
Commercial 2018-2019 Quicken Loans Rocket Mortgage
0%
TV Show 2021 Running Wild with Bear Grylls
0%
TV Special 2016 The 75th Anniversary Peabody Awards
0%
Web Series 2015 The Hotwives of Las Vegas
0%
Theater 2004 The Second City's Romeo & Juliet Musical
0%
TV Show 2017 The Tonight Show Starring Jimmy Fallon
0%
Commercial 2016 Toyota RAV4
0%
Commercial 2019 Truly Hard Seltzer
0%
TV Short 2012 Übermansion
0%
No matching quizzes found
Score Distribution
Percent of People with Each Score
Percentile by Number Answered
Your Score History
You have not taken this quiz since the last reset